000 00873nam a2200241Ia 4500
003 OSt
005 20220923211521.0
006 a|||||r|||| 00| 0
007 ta
008 220922b |||||||| |||| 00| 0 pan d
020 _a9789380854038 (hbk)
_c250
024 _a330,954
037 _b1011, 25/01/2018, H.K. Prakashan
_cTextual
040 _aARTS
_cARTS
_bpan
041 _2pan
_apan
082 _aQ8441, 153Q6
100 _aਸਿੰਘ, ਭਾਈ ਵੀਰ, ਂਚ.
_9160672
245 0 _aਸ੍ਰੀ ਅFਟ ਗੁਰੂ ਚਮਤਕਾਰ
260 _aਨਵੀ੍ਵ ਦਿੱਲੀ
_b ਭਾਈ ਵੀਰ ਸਿੰਘ ਸਾਹਿਤ ਸਦਨ
_c2016
650 _aਸਿੱਖ ਧਰਮ
_9156314
942 _hQ8441, 153Q6
_cTEXL
_2CC
999 _c300338
_d300338